Master federal tax manual. (Record no. 251)
[ view plain ]
| 000 -LEADER | |
|---|---|
| fixed length control field | 00701nas a22002293 4500 |
| 001 - CONTROL NUMBER | |
| control field | 10549369 |
| 003 - CONTROL NUMBER IDENTIFIER | |
| control field | SISC |
| 005 - DATE AND TIME OF LATEST TRANSACTION | |
| control field | 20160331131246.0 |
| 008 - FIXED-LENGTH DATA ELEMENTS--GENERAL INFORMATION | |
| fixed length control field | 860916u xx u 0 0 0und |
| 010 ## - LIBRARY OF CONGRESS CONTROL NUMBER | |
| LC control number | 82645445 |
| 022 ## - INTERNATIONAL STANDARD SERIAL NUMBER | |
| International Standard Serial Number | 0734-7103 |
| 050 ## - LIBRARY OF CONGRESS CALL NUMBER | |
| Classification number | KF 6272 |
| Item number | .M423 1983 |
| 082 ## - DEWEY DECIMAL CLASSIFICATION NUMBER | |
| Classification number | HS 336.02 |
| Item number | M39 1983 |
| 245 00 - TITLE STATEMENT | |
| Title | Master federal tax manual. |
| 260 ## - PUBLICATION, DISTRIBUTION, ETC. (IMPRINT) | |
| Place of publication, distribution, etc | New York : |
| Name of publisher, distributor, etc | Research Institute of America, |
| Date of publication, distribution, etc | c1983. |
| 300 ## - PHYSICAL DESCRIPTION | |
| Extent | 688 p. : |
| Dimensions | 24 cm. |
| 310 ## - CURRENT PUBLICATION FREQUENCY | |
| Current publication frequency | Annual |
| 785 00 - SUCCEEDING ENTRY | |
| Note | SERLOC succeeding entry: |
| Title | Research Institute master federal tax manual with Federal tax coordinator 2d references |
| 906 ## - LOCAL DATA ELEMENT F, LDF (RLIN) | |
| a | 0 |
| b | bbc |
| c | serlocs |
| d | u |
| e | ncip |
| f | 19 |
| g | ilsserca |
| 942 ## - ADDED ENTRY ELEMENTS (KOHA) | |
| Source of classification or shelving scheme | Library of Congress Classification |
| Koha item type | Books |
| Withdrawn status | Lost status | Source of classification or shelving scheme | Damaged status | Home library | Current library | Shelving location | Date acquired | Total Checkouts | Full call number | Barcode | Date last seen | Copy number | Price effective from | Koha item type |
|---|---|---|---|---|---|---|---|---|---|---|---|---|---|---|
| Library of Congress Classification | Luxembourg Library | Luxembourg Library | High School Section | 02/02/2012 | KF 6272 .M423 1983 | 11692 | 03/31/2016 | 1 | 10/03/2013 | Books |